El viaje colectivo. La Cultura del tranvía y del ómnibus en América del Sur.
Guardat en:
| Autor principal: | |
|---|---|
| Altres autors: | |
| Format: | Desconegut |
| Idioma: | anglès |
| Publicat: |
Talca, Chile:
Bifurcaciones,
2018.
Santiago, Chile: Campus Creativo; Universidad Andrés Bello, 2018. |
| Edició: | Primera edición. |
| Matèries: | |
| Etiquetes: |
Afegir etiqueta
Sense etiquetes, Sigues el primer a etiquetar aquest registre!
|
MARC
| LEADER | 00000 a2200000 4500 | ||
|---|---|---|---|
| 003 | CL-VaPUC | ||
| 005 | 20240311170240.0 | ||
| 008 | 240304t2018 ||||| |||| 00| 0 eng d | ||
| 999 | |c 443081 |d 443079 | ||
| 020 | |a 978-956-9501-06-7 | ||
| 040 | |c Pontificia Universidad Católica de Valparaíso | ||
| 082 | |2 22 |a 303.4832098 GIU 2018 | ||
| 100 | |a Giucci, Guillermo |9 887450 |e autor | ||
| 245 | |a El viaje colectivo. |b La Cultura del tranvía y del ómnibus en América del Sur. | ||
| 250 | |a Primera edición. | ||
| 260 | |a Talca, Chile: |b Bifurcaciones, |c 2018. | ||
| 260 | |a Santiago, Chile: |b Campus Creativo; |b Universidad Andrés Bello, |c 2018. | ||
| 300 | |a 216 páginas: ilustraciones. | ||
| 583 | |k GC |c 20240304 | ||
| 650 | 0 | |9 260307 |a Transporte urbano |v Historia |x Aspectos sociales |y Siglos 19-20 |z América Latina | |
| 700 | |9 520587 |a Errázuriz Infante, Tomás |e autor | ||
| 942 | |2 ddc |c BK | ||
| 952 | |0 0 |1 0 |2 ddc |4 0 |6 303_483209800000000_GIU_2018 |7 0 |8 A |9 593492 |a BIBHIS |b BIBHIS |c GEN |d 2024-01-31 |e 3 |g 13021.00 |i 5660230 |o 303.4832098 GIU 2018 |p 5660230 |r 2024-01-31 |t 1 |v 13021.00 |w 2024-01-31 |y BK |k HIS | ||